| 000 | 00957cam a22002054a 4500 | ||
|---|---|---|---|
| 005 | 20250605164334.0 | ||
| 008 | 250528s ||||||||||||||||||||||||d | ||
| 035 | _a23350 | ||
| 020 | _a340886684 | ||
| 040 |
_aGR-AtMCL _bgre _dGR-AtMCL _eAACR2 |
||
| 245 | 1 | _aUnderstanding Psychology | |
| 250 | _a2nd | ||
| 260 |
_bHodder Arnold, _c2004 |
||
| 300 | _a182 | ||
| 520 | _aThis book provides a clear introduction to the work and ideas of psychologists.Introduction, Acknowledgements, Forming Impressions of Other People, Prejudice and Discrimination, Social Influence, Attachment and Separation, Cognitive Development, Sex and Gender, The Development of Moral Behaviour, Pro-social Behaviour, Anti-social behaviour, Perception, Learning, Memory, Research Methods, Planning and Carrying Out and Writing Up an Investigation, Glossary, Further Reading, Websites, Index. | ||
| 700 | 1 |
_aWoods Barbara _96726 |
|
| 942 | _cBK | ||
| 999 |
_c8375 _d8375 |
||